000 00691nam a2200241Ia 4500
003 OSt
005 20221007111123.0
006 a|||||r|||| 00| 0
007 ta
008 221006b |||||||| |||| 00| 0 eng d
024 _a22,609
037 _cTextual
040 _aLCO
_cLCO
_beng
041 _2eng
_aeng
082 _aX72.4452, L3
100 _aDwivedi D.N.
245 0 _aProblems and Prospects of Agricultural Taxation in Uttar Pradesh Foreword by K.A. Naqvi
260 _aNew
_bDelhi People's Publishing House India
_c1973
300 _a228
650 _aTAX
942 _hX72.4452, L3
_cTEXL
999 _c1192172
_d1192172